[Event "LJEM M-V 2025 u18"]
[Site "Malchow"]
[Date "2025.02.04"]
[Round "6.1"]
[White "Hartung, Kim"]
[Black "Krause, Enrico"]
[Result "1/2-1/2"]
[WhiteElo "1666"]
[BlackElo "1828"]
[Time "14:30:00"]
[WhiteTeam "PSV Ribnitz-Damgarten"]
[BlackTeam "Think Rochade - SC HRO"]

1.d4 d5 2.c4 c6 3.Nf3 Nf6 4.g3 Bf5 5.Qb3 Qb6 6.c5 Qxb3 7.axb3 Na6 8.Bd2 
Ne4 9.Bg2 Nxd2 10.Nbxd2 h6 11.O-O e6 12.Ne5 f6 13.Nxc6 Nxc5 14.Nxa7 Na6 
15.Nb5 Bb4 16.Nc3 Kf7 17.e4 dxe4 18.Ndxe4 Nc7 19.Nc5 Rhd8 20.Rxa8 Nxa8 21.
Bxb7 Rxd4 22.Nxe6 Bxe6 23.Bxa8 Rd2 24.Rb1 Bxb3 25.Bf3 Bc2 26.Rc1 Bd3 27.
Bd5+ Kf8 28.Na4 f5 29.Bf3 g5 30.Rd1 g4 31.Rxd2 Bxd2 32.Bd5 Ke7 33.f3 Kd6 
34.Ba8 Bc1 35.fxg4 fxg4 36.Nc3 Ke5 37.Nd1 h5 38.Nf2 Be2 39.Kg2 Bxb2 40.h3 
Kd4 41.hxg4 hxg4 42.Bc6 Ke3 43.Bd7 1/2-1/2

[Event "LJEM M-V 2025 u18"]
[Site "Malchow"]
[Date "2025.02.04"]
[Round "6.3"]
[White "Schulz, Bruno Andreas"]
[Black "Walz, Fabian"]
[Result "0-1"]
[WhiteElo "1819"]
[BlackElo "1881"]
[Time "14:30:00"]
[WhiteTeam "TuS Makkabi Rostock"]
[BlackTeam "SSC Rostock 07"]

1.d4 d5 2.c4 e6 3.Nf3 Nf6 4.Nc3 a6 5.cxd5 exd5 6.Bf4 Bd6 7.Ne5 O-O 8.e3 
Re8 9.Bd3 c6 10.O-O Qc7 11.Rc1 Nbd7 12.Nxd7 Bxd7 13.Bg3 Bxg3 14.hxg3 Qd6 
15.Be2 Bf5 16.g4 Be6 17.Na4 Ne4 18.Qb3 Nd2 19.Qxb7 Nxf1 20.Bxf1 Reb8 21.
Rxc6 Qd8 22.Qc7 Bd7 23.b3 Bxc6 24.Qxc6 Rc8 25.Qb7 Qd6 26.Nc5 Rcb8 27.Qd7 
Qxd7 28.Nxd7 Rd8 29.Nc5 Rd6 30.a4 Kf8 31.Bd3 Ke7 32.Kf1 Rb8 33.Ke2 a5 34.
f4 Rdb6 35.Bc2 Rh6 36.Kf3 Rh1 37.e4 Rc1 38.Bd3 Rc3 39.exd5 Rbxb3 40.Ke4 
Ra3 41.Bb5 g6 42.d6+ Kxd6 43.Nb7+ Kc7 44.Nxa5 Re3+ 45.Kd5 Rxa4 46.Nc4 Rxc4
47.Bxc4 Rg3 48.Kc5 Rxg4 49.d5 Rxf4 50.d6+ Kd8 51.Kd5 Rf2 52.Ke5 Rxg2 53.
Bxf7 h5 54.Ke4 h4 55.Kf3 Rg3+ 56.Kf2 Kd7 57.Bd5 Kxd6 58.Bb7 g5 59.Bc8 Ke5 
60.Bb7 Kf4 61.Bc6 g4 62.Bb7 Rb3 63.Bd5 Rb2+ 64.Kg1 Kg3 65.Bc4 Rb1+ 66.Bf1 
Ra1 67.Kh1 Rxf1# 0-1

[Event "LJEM M-V 2025 u18"]
[Site "Malchow"]
[Date "2025.02.04"]
[Round "6.4"]
[White "Asmussen, Johann"]
[Black "Thormählen, Tjark"]
[Result "0-1"]
[WhiteElo "1541"]
[BlackElo "1626"]
[Time "14:30:00"]
[WhiteTeam "HSG Stralsund"]
[BlackTeam "SG Güstrow/Teterow"]

1.e4 e5 2.f4 exf4 3.Nf3 g5 4.h4 g4 5.Ne5 Nf6 6.Nxg4 d6 7.Nxf6+ Qxf6 8.d4 
Bg7 9.c3 h5 10.Be2 Qg6 11.Bxf4 Qxe4 12.Rf1 Bg4 13.Nd2 Bxe2 14.Qxe2 Qxe2+ 
15.Kxe2 Nd7 16.Rae1 O-O-O 17.Kd1 Rde8 18.Nf3 Bf6 19.Bg5 Bxg5 20.Rxe8+ Rxe8
21.Nxg5 f6 22.Nh7 Rg8 23.Rf5 Rxg2 24.Kc1 Kd8 25.Rxh5 Ke7 26.Rf5 Rg7 27.Rh5
Kf7 28.Rh6 Rg6 29.Rh5 Kg7 30.Kc2 Rh6 31.Nxf6 Nxf6 32.Rg5+ Kf7 33.Rb5 b6 
34.Rg5 Rxh4 35.Rg3 Nd5 36.Kb3 b5 37.a4 a6 38.axb5 axb5 39.Rg2 Rh3 40.Kc2 
Re3 41.Rh2 c5 42.dxc5 dxc5 43.Rh4 Ke6 44.c4 Nb4+ 45.Kc1 bxc4 46.Rxc4 Kd5 
47.Rh4 Re4 48.Rh3 Kd4 49.Kd2 Rg4 50.Rh8 Rg2+ 51.Kc1 Nd3+ 52.Kb1 Rxb2+ 53.
Ka1 Rc2 54.Rb8 Kc3 55.Rh8 Rc1+ 56.Ka2 Nb4+ 57.Ka3 Ra1# 0-1

[Event "LJEM M-V 2025 u18"]
[Site "Malchow"]
[Date "2025.02.04"]
[Round "6.5"]
[White "Stepanjan, Marianne"]
[Black "Willam, Max Bastian"]
[Result "1-0"]
[WhiteElo "1689"]
[BlackElo "1669"]
[Time "14:30:00"]
[WhiteTeam "ESV 1888 Wittenberge"]
[BlackTeam "SSC Rostock 07"]

1.e4 e5 2.Nf3 Nc6 3.Bb5 d6 4.O-O Bd7 5.c3 Nf6 6.Re1 Qe7 7.d4 O-O-O 8.d5 
Nb8 9.Bxd7+ Nbxd7 10.b4 h5 11.Qa4 a6 12.Na3 g6 13.b5 Nc5 14.Qc4 axb5 15.
Nxb5 Bh6 16.Bxh6 Rxh6 17.Rab1 Kd7 18.Na7 Ke8 19.Ra1 Ra8 20.Nb5 Ra4 21.Qe2 
Nfxe4 22.c4 g5 23.Qc2 f5 24.Re2 Kd8 25.Rd1 Qf6 26.Nd2 Nxd2 27.Rexd2 g4 28.
Rc1 h4 29.g3 hxg3 30.fxg3 Rh5 31.Rf1 Qh6 32.Re2 Qh7 33.Ref2 e4 34.Nd4 Ra3 
35.Rxf5 Rxf5 36.Nxf5 Rf3 37.Nh4 Rxf1+ 38.Kxf1 Qf7+ 39.Qf2 Qxf2+ 40.Kxf2 
Ke7 41.Ke3 c6 42.Nf5+ Kd7 43.Nh6 cxd5 44.cxd5 Ke7 45.Nxg4 b5 46.a3 Na6 47.
Kxe4 b4 48.axb4 Nxb4 49.h4 Kf7 50.Nh6+ Ke7 51.Nf5+ Kd7 52.h5 1-0

[Event "LJEM M-V 2025 u18"]
[Site "Malchow"]
[Date "2025.02.04"]
[Round "6.6"]
[White "Wiechhusen, Laurin-Elias"]
[Black "Mochtak, Maximilian"]
[Result "1-0"]
[WhiteElo "1708"]
[BlackElo "1507"]
[Time "14:30:00"]
[WhiteTeam "SF Schwerin"]
[BlackTeam "TuS Makkabi Rostock"]

1.Nf3 d5 2.c4 c6 3.g3 Nf6 4.Bg2 g6 5.O-O Bg7 6.d4 O-O 7.e3 Bg4 8.Qb3 Qb6 
9.Qxb6 axb6 10.cxd5 Nxd5 11.Bd2 e6 12.h3 Bxf3 13.Bxf3 e5 14.Bxd5 cxd5 15.
dxe5 Bxe5 16.Bc3 Nd7 17.Rd1 Bxc3 18.Nxc3 Ne5 19.Rxd5 Ra5 20.Rad1 Nc6 21.
Rd7 Ra7 22.Rc7 Nb4 23.a3 Na6 24.Re7 Nc5 25.Ne4 Nxe4 26.Rxe4 Raa8 27.Rd7 
1-0

[Event "LJEM M-V 2025 u18"]
[Site "Malchow"]
[Date "2025.02.04"]
[Round "6.7"]
[White "Gorski, Paul Peter"]
[Black "Radtke, Thorben"]
[Result "1-0"]
[WhiteElo "1657"]
[BlackElo "1594"]
[Time "14:30:00"]
[WhiteTeam "Think Rochade - SC HRO"]
[BlackTeam "ESV Waren"]

1.e4 e5 2.Nf3 Nc6 3.Bc4 Nf6 4.d3 Bc5 5.O-O Nd4 6.Nxd4 Bxd4 7.c3 Bb6 8.a4 
c6 9.Kh1 d5 10.exd5 cxd5 11.Bb3 Be6 12.Bg5 h6 13.Bh4 O-O 14.Nd2 d4 15.Bc2 
dxc3 16.bxc3 Rc8 17.Ne4 g5 18.Nxf6+ Qxf6 19.Bg3 Rxc3 20.Qe2 Bd4 21.Rab1 
Rfc8 22.Bd1 Rc1 23.Rxb7 a6 24.Bb3 Rxf1+ 25.Qxf1 Bb2 26.Bc4 Bxc4 27.dxc4 e4
28.Qe2 Qc3 29.h4 Qc1+ 30.Kh2 gxh4 31.Qg4+ Qg5 32.Qxc8+ Kg7 33.Rxb2 hxg3+ 
34.fxg3 e3 35.Qh3 a5 36.Qh4 Qe5 37.Qg4+ Kh7 38.Re2 f5 39.Qf3 Qc5 40.Rxe3 
Qxc4 41.Qxf5+ Kh8 42.Re8+ Kg7 43.Re7+ Kh8 44.Qh7# 1-0

[Event "LJEM M-V 2025 u18"]
[Site "Malchow"]
[Date "2025.02.04"]
[Round "6.8"]
[White "Karff, Tom"]
[Black "Sens, Gerda"]
[Result "1/2-1/2"]
[WhiteElo "1850"]
[BlackElo "1581"]
[Time "14:30:00"]
[WhiteTeam "SG Güstrow/Teterow"]
[BlackTeam "SSC Rostock 07"]

1.e4 e5 2.Nf3 Nc6 3.Bc4 Bc5 4.c3 Nf6 5.d4 exd4 6.e5 d5 7.Bb5 Ne4 8.cxd4 
Bb4+ 9.Bd2 Bxd2+ 10.Nbxd2 Nxd2 11.Qxd2 Bd7 12.Bxc6 Bxc6 13.O-O O-O 14.b4 
Qd7 1/2-1/2

[Event "LJEM M-V 2025 u18"]
[Site "Malchow"]
[Date "2025.02.04"]
[Round "6.9"]
[White "Röseler, Ole"]
[Black "Franke, Jasper"]
[Result "1-0"]
[WhiteElo "1116"]
[BlackElo "996"]
[Time "14:30:00"]
[WhiteTeam "SG Güstrow/Teterow"]
[BlackTeam "SG Güstrow/Teterow"]

1.d4 d5 2.c4 e6 3.Nc3 Nf6 4.Bg5 c6 5.Nf3 Be7 6.e3 Bd7 7.c5 b6 8.b4 b5 9.
Bd3 h6 10.Bf4 Nh5 11.Bg3 Nxg3 12.hxg3 Bf6 13.O-O a6 14.e4 g5 15.exd5 cxd5 
16.Re1 Bc6 17.Ne5 Bxe5 18.Rxe5 Nd7 19.Re2 g4 20.Bf5 h5 21.Bxe6 fxe6 22.
Rxe6+ Kf7 23.Rxc6 Qg5 24.Qc1 Qg7 25.Qf4+ Kg8 26.Nxd5 1-0

[Event "LJEM M-V 2025 u18"]
[Site "Malchow"]
[Date "2025.02.04"]
[Round "6.10"]
[White "Kunz, Chayenne"]
[Black "Vollmer, Willem Maarten"]
[Result "0-1"]
[WhiteElo "829"]
[BlackElo "1385"]
[Time "14:30:00"]
[WhiteTeam "ESV Waren"]
[BlackTeam "SF Schwerin"]

1.e4 e5 2.Nf3 Nc6 3.Be2 Bc5 4.O-O d6 5.d3 h6 6.Nc3 Nge7 7.a3 O-O 8.b4 Bb6 
9.Be3 Ng6 10.Qd2 Nd4 11.Bd1 Bg4 12.Na4 Nxf3+ 13.Bxf3 Bxf3 14.g3 Qd7 15.Qe2
Bxe2 16.Kg2 Bxf1+ 17.Rxf1 Qxa4 18.Ra1 Bxe3 19.fxe3 Qxc2+ 20.Kh3 Qxd3 21.
Rc1 c6 22.Re1 f5 23.exf5 Rxf5 24.g4 Rf3+ 25.Kg2 Nh4+ 26.Kh1 Qf1+ 27.Rxf1 
Rxf1# 0-1

[Event "LJEM M-V 2025 u18"]
[Site "Malchow"]
[Date "2025.02.05"]
[Round "7.1"]
[White "Lippitz, Jaden"]
[Black "Hartung, Kim"]
[Result "1-0"]
[WhiteElo "1791"]
[BlackElo "1666"]
[Time "08:30:00"]
[WhiteTeam "SG Güstrow/Teterow"]
[BlackTeam "PSV Ribnitz-Damgarten"]

1.e4 c6 2.Nc3 d5 3.Nf3 dxe4 4.Nxe4 Nf6 5.Qe2 Nxe4 6.Qxe4 Qd5 7.Qxd5 cxd5 
8.d4 Bf5 9.Bb5+ Nd7 10.c3 f6 11.O-O a6 12.Ba4 b5 13.Bb3 Nb6 14.Bf4 Kd7 15.
a4 bxa4 16.Bxa4+ Nxa4 17.Rxa4 e6 18.Rc1 Bd6 19.Bxd6 Kxd6 20.c4 Rhc8 21.c5+
Kc6 22.Rc3 Rcb8 23.Rca3 Rxb2 24.h3 g5 25.Rxa6+ Rxa6 26.Rxa6+ Kc7 27.Ra7+ 
Rb7 28.Ra8 Rb8 29.Ra6 Rb2 30.Kh2 h5 31.Ra7+ Rb7 32.Ra2 Kc6 33.Ra8 Rf7 34.
Rh8 Be4 35.Rxh5 Rh7 36.Rxh7 Bxh7 37.Kg3 Bf5 38.h4 gxh4+ 39.Nxh4 Bh7 40.Kf4
Bg8 41.g4 e5+ 42.dxe5 fxe5+ 43.Kxe5 Kxc5 44.Nf5 Bh7 45.Nd4 Bg8 46.f4 Kb6 
47.Kd6 Bf7 48.f5 Kb7 49.g5 Kc8 50.g6 Bg8 51.f6 1-0

[Event "LJEM M-V 2025 u18"]
[Site "Malchow"]
[Date "2025.02.05"]
[Round "7.2"]
[White "Walz, Fabian"]
[Black "Thormählen, Tjark"]
[Result "1-0"]
[WhiteElo "1881"]
[BlackElo "1626"]
[Time "08:30:00"]
[WhiteTeam "SSC Rostock 07"]
[BlackTeam "SG Güstrow/Teterow"]

1.d4 Nf6 2.c4 e6 3.g3 d5 4.Bg2 Bb4+ 5.Nd2 O-O 6.Nf3 dxc4 7.Qc2 a5 8.Qxc4 
b6 9.Qc2 Ba6 10.a3 Be7 11.Ne5 Ra7 12.Ndf3 c5 13.dxc5 Bxc5 14.Bd2 Rc7 15.
Bc3 Nd5 16.Rd1 Qe7 17.O-O Nxc3 18.bxc3 Bxa3 19.Nd4 Bd6 20.Ndc6 Nxc6 21.
Nxc6 Qd7 22.Qd2 Rxc6 23.Bxc6 Qxc6 24.Qxd6 Qxc3 25.Qxb6 Bxe2 26.Rc1 Qf6 27.
Rfe1 Bf3 28.Qxa5 Re8 29.Re3 e5 30.Qb5 Kf8 31.Qb4+ Kg8 32.Qa4 Kf8 33.Qa3+ 
1-0

[Event "LJEM M-V 2025 u18"]
[Site "Malchow"]
[Date "2025.02.05"]
[Round "7.3"]
[White "Krause, Enrico"]
[Black "Wiechhusen, Laurin-Elias"]
[Result "0-1"]
[WhiteElo "1828"]
[BlackElo "1708"]
[Time "08:30:00"]
[WhiteTeam "Think Rochade - SC HRO"]
[BlackTeam "SF Schwerin"]

1.c4 Nf6 2.Nc3 g6 3.e4 e5 4.Nf3 Bg7 5.Nxe5 O-O 6.Nf3 Re8 7.d3 c6 8.Be2 d5 
9.e5 Ng4 10.Bg5 Qb6 11.O-O Nxe5 12.Bd2 d4 13.Ne4 Nxc4 14.dxc4 Rxe4 15.Bd3 
Re8 16.Re1 Rxe1+ 17.Qxe1 Be6 18.Ng5 c5 19.Ba5 Qd6 20.b4 Nd7 21.Ne4 Qe7 22.
Bc7 Be5 23.Bxe5 Nxe5 24.Nxc5 Nxd3 25.Nxd3 Re8 26.c5 Bc4 27.Qxe7 Rxe7 28.
Nb2 Bxa2 29.f3 Bb3 30.Ra3 Bc2 31.Kf2 a6 32.Nc4 d3 33.Ra1 Re2+ 34.Kf1 Bb3 
35.Nd6 Rc2 36.Nxb7 d2 37.Ke2 Rc1 38.Kxd2 Rxa1 39.f4 Bd5 40.Nd8 Bc6 41.Nxc6
Ra3 42.Ke2 Kf8 43.h4 Ke8 44.Nd4 Ra4 45.Nc6 f6 46.Kd3 Kd7 47.Na5 Rxb4 48.
Kc3 Rxf4 0-1

[Event "LJEM M-V 2025 u18"]
[Site "Malchow"]
[Date "2025.02.05"]
[Round "7.4"]
[White "Gorski, Paul Peter"]
[Black "Stepanjan, Marianne"]
[Result "1/2-1/2"]
[WhiteElo "1657"]
[BlackElo "1689"]
[Time "08:30:00"]
[WhiteTeam "Think Rochade - SC HRO"]
[BlackTeam "ESV 1888 Wittenberge"]

1.e4 c5 2.Nf3 d6 3.d4 cxd4 4.Nxd4 Nf6 5.Nc3 a6 6.Bg5 e6 7.f4 Be7 8.Qf3 Qc7
9.O-O-O Nc6 10.g4 Bd7 1/2-1/2

[Event "LJEM M-V 2025 u18"]
[Site "Malchow"]
[Date "2025.02.05"]
[Round "7.5"]
[White "Schulz, Bruno Andreas"]
[Black "Asmussen, Johann"]
[Result "1-0"]
[WhiteElo "1819"]
[BlackElo "1541"]
[Time "08:30:00"]
[WhiteTeam "TuS Makkabi Rostock"]
[BlackTeam "HSG Stralsund"]

1.d4 d5 2.c4 e6 3.Nf3 Nf6 4.Nc3 c5 5.e3 Nbd7 6.dxc5 Nxc5 7.a3 Nce4 8.Bd2 
b6 9.Be2 Ba6 10.Qa4+ Qd7 11.Qxa6 dxc4 12.Bxc4 Nc5 13.Qb5 O-O-O 14.O-O Qc7 
15.b4 a6 16.Bxe6+ Nxe6 17.Qxa6+ Qb7 18.Qa4 g5 19.Rfd1 Bg7 20.Rac1 Kb8 21.
Qb5 g4 22.Ne5 Rd5 23.Nxd5 Nxd5 24.Nc6+ Ka8 25.Qa4+ Qa7 26.Qxa7# 1-0

[Event "LJEM M-V 2025 u18"]
[Site "Malchow"]
[Date "2025.02.05"]
[Round "7.6"]
[White "Vollmer, Willem Maarten"]
[Black "Sens, Gerda"]
[Result "1-0"]
[WhiteElo "1385"]
[BlackElo "1581"]
[Time "08:30:00"]
[WhiteTeam "SF Schwerin"]
[BlackTeam "SSC Rostock 07"]

1.e4 e5 2.Bc4 Bc5 3.d4 Bxd4 4.Nf3 Qf6 5.O-O Ne7 6.Nxd4 exd4 7.f4 O-O 8.e5 
Qb6 9.Bd3 d6 10.Qh5 h6 11.f5 f6 12.e6 Qc6 13.Rf3 Kh7 14.Bxh6 gxh6 15.Rh3 
Ng8 16.Qg6+ Kh8 17.Rg3 1-0

[Event "LJEM M-V 2025 u18"]
[Site "Malchow"]
[Date "2025.02.05"]
[Round "7.7"]
[White "Radtke, Thorben"]
[Black "Karff, Tom"]
[Result "0-1"]
[WhiteElo "1594"]
[BlackElo "1850"]
[Time "08:30:00"]
[WhiteTeam "ESV Waren"]
[BlackTeam "SG Güstrow/Teterow"]

1.e4 e5 2.Nf3 Nc6 3.Bb5 Nf6 4.Bxc6 dxc6 5.Nc3 Bg4 6.h3 Bxf3 7.Qxf3 Bc5 8.
a3 h6 9.b4 Bd4 10.Bb2 O-O 11.Nd1 Bxb2 12.Nxb2 Qd4 13.c3 Qxe4+ 14.Qxe4 Nxe4
15.Nc4 Rad8 16.Rd1 b6 17.O-O f6 18.f3 Nd6 19.Ne3 Rf7 20.d4 Rfd7 21.dxe5 
fxe5 22.c4 Nf7 23.Rxd7 Rxd7 24.Kf2 Kf8 25.Re1 Rd2+ 26.Kg3 Ke7 27.Kg4 g6 
28.f4 Kf6 29.Nf1 Rxg2+ 30.Kf3 Ra2 31.Re3 exf4 32.Kxf4 Rf2+ 33.Rf3 Rxf3+ 
34.Kxf3 Ne5+ 35.Ke4 Nxc4 36.a4 a6 37.Kd4 Nd6 38.Nd2 Kf5 39.Nc4 Nxc4 40.
Kxc4 Ke5 41.a5 Kd6 0-1

[Event "LJEM M-V 2025 u18"]
[Site "Malchow"]
[Date "2025.02.05"]
[Round "7.8"]
[White "Franke, Jasper"]
[Black "Willam, Max Bastian"]
[Result "1/2-1/2"]
[WhiteElo "996"]
[BlackElo "1669"]
[Time "08:30:00"]
[WhiteTeam "SG Güstrow/Teterow"]
[BlackTeam "SSC Rostock 07"]

1.e4 e5 2.Nf3 Nc6 3.Bc4 Nf6 4.d3 Bc5 5.Be3 Bb6 6.Nc3 d6 7.Qd2 h6 8.O-O-O 
Be6 9.Bxe6 fxe6 10.Bxb6 axb6 11.d4 exd4 12.Nxd4 e5 13.Nxc6 bxc6 14.a3 Ke7 
15.Rhf1 b5 16.Rde1 Qb8 17.f4 b4 18.Nb1 c5 19.fxe5 dxe5 20.Qe3 Qb6 21.Qg3 
Kf7 22.Qxe5 Qd6 23.Qxd6 cxd6 24.e5 dxe5 25.Rxe5 Rhc8 26.axb4 cxb4 27.Rb5 
Rcb8 28.Rxb8 Rxb8 29.Rf3 Kg6 30.Rb3 Re8 31.Kd1 Nd5 32.c4 Ne3+ 33.Kd2 Nxc4+
34.Kd3 Ne5+ 35.Kd4 Kf5 36.Kc5 Rb8 37.Nd2 g5 1/2-1/2

[Event "LJEM M-V 2025 u18"]
[Site "Malchow"]
[Date "2025.02.05"]
[Round "7.9"]
[White "Mochtak, Maximilian"]
[Black "Röseler, Ole"]
[Result "1-0"]
[WhiteElo "1507"]
[BlackElo "1116"]
[Time "08:30:00"]
[WhiteTeam "TuS Makkabi Rostock"]
[BlackTeam "SG Güstrow/Teterow"]

1.d4 Nf6 2.Bf4 c5 3.e3 cxd4 4.exd4 d6 5.Nf3 Nc6 6.Bd3 g6 7.O-O Bg7 8.Re1 
O-O 9.c3 Nh5 10.Qd2 Nxf4 11.Qxf4 Qb6 12.b3 Re8 13.Bc4 Rf8 14.Ng5 Bh6 15.
Qh4 Bxg5 16.Qxg5 Bf5 17.g4 Bd7 18.h4 h6 19.Qxh6 Bxg4 20.Qxg6+ Kh8 21.Qh6+ 
Kg8 22.Kh2 Be6 23.Rg1+ 1-0

[Event "LJEM M-V 2025 u25"]
[Site "Malchow"]
[Date "2025.02.01"]
[Round "1.1"]
[White "Rößler, Hans Jürgen"]
[Black "Koldrack, Konrad"]
[Result "1-0"]
[WhiteElo "1595"]
[BlackElo "781"]
[Time "14:30:00"]
[WhiteTeam "SG Güstrow/Teterow"]
[BlackTeam "Think Rochade - SC HRO"]

1.e4 e5 2.Nf3 Nc6 3.Bb5 Bc5 4.O-O Nf6 5.d3 d5 6.exd5 Nxd5 7.Nxe5 O-O 8.
Nxc6 bxc6 9.Bxc6 Rb8 10.Qf3 Be6 11.Nc3 Nb4 12.Ba4 Bd4 13.Bd2 Be5 14.Rfe1 
Bd6 15.a3 Na6 16.Rab1 Nc5 17.Bc6 h6 18.b4 Nb7 19.Bxb7 Qh4 20.g3 1-0

[Event "LJEM M-V 2025 u25"]
[Site "Malchow"]
[Date "2025.02.01"]
[Round "1.2"]
[White "Aslanli, Ayna"]
[Black "Steinhauser, Oskar"]
[Result "0-1"]
[WhiteElo "693"]
[BlackElo "1559"]
[Time "14:30:00"]
[WhiteTeam "SF Schwerin"]
[BlackTeam "SSC Rostock 07"]

1.e4 e5 2.Nf3 Nc6 3.Bc4 Bc5 4.Nc3 d6 5.d3 Na5 6.Bd5 c6 7.Bxf7+ Kxf7 8.Ng5+
Kf8 9.O-O h6 10.Qf3+ Qf6 11.Qh5 g6 12.Qh4 hxg5 13.Qg3 Rh5 14.Be3 b6 15.a3 
Nb7 16.b4 Bd4 17.Bxd4 exd4 18.Ne2 Nh6 19.Rae1 Ng4 20.f3 Nxh2 21.e5 dxe5 
22.Rf2 Qh8 23.f4 Ng4 24.Kf1 Rh1+ 25.Ng1 gxf4 26.Rxf4+ exf4 27.Qxf4+ Bf5 
28.Qg5 Re8 29.Rxe8+ Kxe8 30.Qf4 Qh4 31.Qb8+ Nd8 32.g3 Ne3+ 33.Ke1 Rxg1+ 
34.Kd2 Qh2# 0-1

[Event "LJEM M-V 2025 u25"]
[Site "Malchow"]
[Date "2025.02.02"]
[Round "2.2"]
[White "Steinhauser, Oskar"]
[Black "Hempel, Christian"]
[Result "1-0"]
[WhiteElo "1559"]
[BlackElo "1457"]
[Time "08:30:00"]
[WhiteTeam "SSC Rostock 07"]
[BlackTeam "SV Grün-Weiß 90 Anklam"]

1.e4 e5 2.Nf3 Nc6 3.d4 exd4 4.Bc4 Nf6 5.e5 Ng4 6.Bxf7+ Kxf7 7.Ng5+ Ke8 8.
Qxg4 Nxe5 9.Qxd4 d6 10.O-O Bf5 11.f4 c5 12.Qd5 Qd7 13.fxe5 dxe5 14.Qxe5+ 
Be7 15.Qxf5 Qd4+ 16.Qf2 Qg4 17.Qf7+ Kd8 18.Qxg7 Kd7 19.Qe5 Qh5 20.Bf4 Rad8
21.Nc3 Rc8 22.Qc7+ Ke8 23.Ne6 Rd8 24.Ng7+ 1-0

[Event "LJEM M-V 2025 u25"]
[Site "Malchow"]
[Date "2025.02.02"]
[Round "2.3"]
[White "Asmussen, Henry"]
[Black "Peters, Franz"]
[Result "0-1"]
[WhiteElo "1515"]
[BlackElo "885"]
[Time "08:30:00"]
[WhiteTeam "HSG Stralsund"]
[BlackTeam "SG Eintracht Neubrandenburg"]

1.e4 e5 2.Nf3 Nc6 3.Bc4 Bc5 4.c3 Nf6 5.d4 exd4 6.cxd4 Bb4+ 7.Nc3 d6 8.Qe2 
O-O 9.O-O Bxc3 10.bxc3 Re8 11.e5 h6 12.Bf4 d5 13.Bb3 Na5 14.Qb5 c6 15.Qb4 
Ne4 16.Bc2 Bf5 17.Rfe1 Rc8 18.Re2 b6 19.Rae1 c5 20.Qa3 cxd4 21.cxd4 Rc3 
22.Qc1 a6 23.Re3 Qc8 24.Nd2 Rxc2 0-1

[Event "LJEM M-V 2025 u25"]
[Site "Malchow"]
[Date "2025.02.02"]
[Round "3.3"]
[White "Rößler, Hans Jürgen"]
[Black "Stier, Edgar"]
[Result "1/2-1/2"]
[WhiteElo "1595"]
[BlackElo "1016"]
[Time "14:30:00"]
[WhiteTeam "SG Güstrow/Teterow"]
[BlackTeam "ESV Waren"]

1.e4 e5 2.Nf3 Nc6 3.Bb5 d6 4.c3 Bd7 5.O-O Nf6 6.Re1 Be7 7.d4 a6 8.Ba4 O-O 
9.Bg5 Qe8 10.Bc2 h6 11.Bh4 Nh7 12.dxe5 Nxe5 13.Nxe5 dxe5 14.Bxe7 Qxe7 15.
Qe2 Qg5 16.Qd2 Be6 17.Qxg5 Nxg5 18.Nd2 Rad8 19.Nf1 Bc4 20.Ne3 Bd3 21.Bxd3 
Rxd3 22.f3 Ne6 23.g3 Ng5 24.Kf2 Rd2+ 25.Re2 Rxe2+ 26.Kxe2 Rd8 27.Nc4 f6 
28.h4 Ne6 29.b3 b6 30.Rd1 Rxd1 31.Kxd1 a5 32.Kd2 Kf7 33.Ne3 Ke7 34.Nf5+ 
Kf7 35.Kd3 Ke8 36.Kc4 Kd7 37.Kd3 Ke8 38.b4 axb4 39.cxb4 Kd7 40.a3 1/2-1/2

[Event "LJEM M-V 2025 u25"]
[Site "Malchow"]
[Date "2025.02.02"]
[Round "3.4"]
[White "Aslanli, Ayna"]
[Black "Asmussen, Henry"]
[Result "0-1"]
[WhiteElo "693"]
[BlackElo "1515"]
[Time "14:30:00"]
[WhiteTeam "SF Schwerin"]
[BlackTeam "HSG Stralsund"]

1.e4 e5 2.Nf3 Nc6 3.Bc4 Bc5 4.Nc3 Nf6 5.d3 h6 6.O-O O-O 7.Qe2 d6 8.h3 a6 
9.Be3 b5 10.Bd5 Bb7 11.Bxc6 Bxc6 12.Bxc5 dxc5 13.Nxe5 Bb7 14.Qe3 Qd6 15.
Qg3 Nh5 16.Qh2 Rfe8 17.Ng4 Qxh2+ 18.Nxh2 c4 19.dxc4 bxc4 20.Rae1 Rad8 21.
e5 Rd2 22.Na4 Rxc2 23.Ng4 Bc6 24.Nc3 Rxb2 25.f4 Rc2 26.Re3 Rxg2+ 27.Kh1 
Ng3+ 28.Rxg3 Rxg3+ 29.Ne4 Bxe4+ 30.Kh2 Rg2+ 31.Kh1 Rxa2+ 32.Kg1 Rd8 33.Nf2
Bf5 34.h4 Rd4 35.Nh3 Bxh3 36.Rb1 Rxf4 37.Rb8+ Kh7 38.Rb1 Rg2+ 39.Kh1 Re2 
40.Rg1 Rf1 41.Rxf1 Bxf1 42.Kg1 Bh3 43.e6 fxe6 44.h5 c3 45.Kh1 c2 46.Kg1 
c1=Q# 0-1

[Event "LJEM M-V 2025 u25"]
[Site "Malchow"]
[Date "2025.02.02"]
[Round "3.5"]
[White "Hempel, Christian"]
[Black "Waligora, Frieda"]
[Result "1-0"]
[WhiteElo "1457"]
[BlackElo "905"]
[Time "14:30:00"]
[WhiteTeam "SV Grün-Weiß 90 Anklam"]
[BlackTeam "SSC Rostock 07"]

1.d4 d5 2.c4 e6 3.Nc3 c5 4.Nf3 Nc6 5.Bg5 Nf6 6.e3 h6 7.Bh4 Be7 8.Bd3 Nb4 
9.O-O Nxd3 10.Qxd3 O-O 11.Rfe1 b6 12.Ne5 Bb7 13.b3 Ne4 14.Bxe7 Qxe7 15.f3 
Nxc3 16.Qxc3 f6 17.Ng6 Qf7 18.Nxf8 Rxf8 19.dxc5 bxc5 20.cxd5 exd5 21.Qxc5 
Ba8 22.Rac1 Bb7 23.Qc7 Qg6 24.Qxb7 a5 25.Qxd5+ Kh7 26.Qxa5 f5 27.Qc5 Rd8 
28.Qc7 Rd2 29.Qg3 Qf7 30.Rc7 Qg8 31.b4 Rxa2 32.Rb1 h5 33.b5 h4 34.Qxh4+ 
Kg6 35.Rc6+ Kf7 36.Rc7+ Ke8 37.Rc8+ Kf7 38.Rxg8 Kxg8 39.Qc4+ 1-0

[Event "LJEM M-V 2025 u25"]
[Site "Malchow"]
[Date "2025.02.03"]
[Round "4.2"]
[White "Peters, Franz"]
[Black "Rößler, Hans Jürgen"]
[Result "0-1"]
[WhiteElo "885"]
[BlackElo "1595"]
[Time "08:30:00"]
[WhiteTeam "SG Eintracht Neubrandenburg"]
[BlackTeam "SG Güstrow/Teterow"]

1.e4 c6 2.Nf3 d5 3.Nc3 dxe4 4.Nxe4 Bf5 5.Ng3 Bg6 6.d4 Nf6 7.Bc4 e6 8.O-O 
Be7 9.Re1 O-O 10.c3 Nbd7 11.Bf4 Nd5 12.Be3 Nxe3 13.Rxe3 Qb6 14.Re2 Nf6 15.
Ne5 Rad8 16.Bd3 c5 17.Rc1 cxd4 18.Bxg6 hxg6 19.Rd2 dxc3 20.Rxc3 Rxd2 21.
Qxd2 Bb4 22.Ne2 Bxc3 23.Nxc3 Rd8 24.Qe1 Qxb2 25.a4 Qxc3 26.Kf1 Qc2 27.Nf3 
Rd1 28.Qxd1 Qxd1+ 29.Ne1 Qxa4 30.g3 b5 31.h4 b4 32.Nd3 Qd1+ 33.Kg2 Qxd3 
34.Kh3 Kh7 35.Kh2 Ng4+ 0-1

[Event "LJEM M-V 2025 u25"]
[Site "Malchow"]
[Date "2025.02.03"]
[Round "4.4"]
[White "Stier, Edgar"]
[Black "Hempel, Christian"]
[Result "1-0"]
[WhiteElo "1016"]
[BlackElo "1457"]
[Time "08:30:00"]
[WhiteTeam "ESV Waren"]
[BlackTeam "SV Grün-Weiß 90 Anklam"]

1.d4 d6 2.Nc3 Nf6 3.Bf4 g6 4.Nf3 Bg7 5.e3 O-O 6.Bd3 Bg4 7.Be2 Nbd7 8.O-O 
Re8 9.h3 Bxf3 10.Bxf3 e5 11.dxe5 dxe5 12.Bg5 Qc8 13.e4 Nc5 14.Re1 b6 15.
Bxf6 Bxf6 16.Bg4 Qb7 17.Nd5 Bg7 18.b4 Ne6 19.Qd2 Rad8 20.Rad1 c6 21.Bxe6 
Rxe6 22.Ne7+ Qxe7 23.Qxd8+ Qxd8 24.Rxd8+ Bf8 25.Red1 Kg7 26.R8d7 Bxb4 27.
Rxa7 Bc5 28.Kf1 Rf6 29.f3 b5 30.Ra6 Re6 31.Rd7 Kf6 32.Rc7 Kg7 33.Rcxc6 
Rxc6 34.Rxc6 Bd4 35.c3 Ba7 36.Rc7 1-0

[Event "LJEM M-V 2025 u25"]
[Site "Malchow"]
[Date "2025.02.03"]
[Round "4.5"]
[White "Waligora, Frieda"]
[Black "Aslanli, Ayna"]
[Result "1-0"]
[WhiteElo "905"]
[BlackElo "693"]
[Time "08:30:00"]
[WhiteTeam "SSC Rostock 07"]
[BlackTeam "SF Schwerin"]

1.e4 e5 2.Nf3 Nc6 3.Bc4 Bc5 4.d3 h6 5.O-O Nf6 6.Nc3 O-O 7.Be3 Bb6 8.Re1 d6
9.Bxb6 axb6 10.a3 Bg4 11.h3 Bxf3 12.Qxf3 Nd4 13.Qd1 Qd7 14.Rc1 b5 15.Bb3 
Nxb3 16.cxb3 d5 17.a4 dxe4 18.dxe4 Qc6 19.axb5 Qb6 20.Nd5 Nxd5 21.Qxd5 
Rad8 22.Qxe5 Rd2 23.Rf1 f6 24.Qxc7 Qd4 25.Qc4+ Qxc4 26.Rxc4 Re8 27.f3 Rxb2
28.b4 f5 29.Re1 fxe4 30.Rexe4 Rb1+ 31.Kh2 Rf8 32.Rc7 b6 33.Rg4 g5 34.Rc6 
Rb2 35.f4 Rxb4 36.fxg5 Rxb5 37.gxh6+ Kh7 38.Rg7+ Kh8 39.h7 Kxg7 40.Rc7+ 
Kh8 41.g4 Rb2+ 42.Kg3 b5 43.g5 Rd8 44.g6 Rd4 45.Rc8+ Kg7 46.h8=Q+ Kxg6 47.
Qxd4 Rb3+ 48.Rc3 Rb1 49.Qd3+ Kh5 50.Qxb1 b4 51.Qxb4 Kg6 52.Rc5 Kf6 53.Qb6+
Ke7 54.Rc7+ Kd8 55.Qb8# 1-0

[Event "LJEM M-V 2025 u25"]
[Site "Malchow"]
[Date "2025.02.04"]
[Round "5.1"]
[White "Rößler, Hans Jürgen"]
[Black "Steinhauser, Oskar"]
[Result "1-0"]
[WhiteElo "1595"]
[BlackElo "1559"]
[Time "08:30:00"]
[WhiteTeam "SG Güstrow/Teterow"]
[BlackTeam "SSC Rostock 07"]

1.e4 e5 2.Nf3 Nc6 3.Bc4 Bc5 4.c3 d6 5.d4 exd4 6.cxd4 Bb4+ 7.Bd2 Bxd2+ 8.
Nbxd2 Nf6 9.O-O O-O 10.d5 Ne5 11.Nxe5 dxe5 12.Qc2 Qd6 13.Rac1 Rd8 14.Bb3 
Qb4 15.Qxc7 Bd7 16.Qc3 Qxc3 17.Rxc3 Rac8 18.Rfc1 Kf8 19.f3 b5 20.Bd1 Ne8 
21.b4 Ke7 22.Be2 Nd6 23.Nb3 Nb7 24.Rc7 Nd6 25.Rxa7 Rxc1+ 26.Nxc1 Rc8 27.
Nd3 Nc4 28.Nc5 Rd8 29.Rxd7+ Rxd7 30.Nxd7 Kxd7 31.Bxc4 bxc4 32.Kf1 1-0